000 00849nam a2200253Ia 4500
003 OSt
005 20220923220749.0
006 a|||||r|||| 00| 0
007 ta
008 220922b |||||||| |||| 00| 0 hin d
024 _a190,148
037 _cTextual
040 _aARTS
_cARTS
_bhin
041 _2hin
_ahin
082 _aO152,2NKA1,MK, M7
100 _aकाशिकेय, शिवप्रसाद
245 0 _aमहाकवि कलिदास
246 _ahinākavi kalidāsa
260 _aवाराणसी
_b विश्वविद्यालय प्रकाशन
_c1987
300 _a92पृ.
_ccm.
650 _aहिन्दी साहित्य
_9156264
942 _hO152,2NKA1,MK, M7
_cTEXL
_2CC
999 _c342942
_d342942